| 000 | 01377nam a2200229Ia 4500 | ||
|---|---|---|---|
| 999 |
_c52678 _d52678 |
||
| 001 | 19702 | ||
| 003 | GE_BSU | ||
| 005 | 20200329171715.0 | ||
| 008 | 181216s1987||||ge |||||||||||||| ||geo|| | ||
| 040 | _cGE_BSU | ||
| 041 | _ageo | ||
| 080 | _a910.14(479.22) + 821.353.1'373.21 ს-32 | ||
| 245 |
_aსაქართველოს სსრ ტოპონიმია : _b(მასალები) ტ.1 ზემო იმერეთი / _cგამოსაც. მოამზადეს და ინვერსიული სია დაურთეს ი. ბაქრაძემ, შ. აფრიდონიძემ, ვ. ჯოჯუამ ; ტომის რედ. პ. ცხადაია |
||
| 264 |
_aთბილისი : _bთბილ. უნ-ტის გამ-ბა, _c1987. |
||
| 300 |
_a488 გვ. ; _e20 სმ. |
||
| 541 | _h10 ლ. | ||
| 653 | _aზემო იმერეთი | ||
| 653 | _aსაქართველოს სსრ ტოპონიმია | ||
| 700 |
_aცხადაია, პ. _eრედაქტორი _97831 |
||
| 710 |
_aთსუ-ს ახ. ქართ. ენის კათედრასთან არსებ. ტოპონ. კვლევის რესპ. ცენტრი-ტოპონიმიკის ლაბორატორია _97832 |
||
| 942 |
_cBK _2udc |
||